000 00842cam a22002291 4500
001 sa 68017418
003 DLC
005 20260227112702.0
008 800123s1965 ii a 000 0 eng
010 _asa 68017418
035 _a(OCoLC)5907406
040 _aDLC
_cTxU
_dDLC
050 0 0 _aGV1693
_b.S25
100 1 _aSarabhai, Mrinalini.
245 1 0 _aUnderstanding Bharata natyam;
_blectures at Baroda University.
250 _a[1st ed.]
260 _aBaroda,
_bMaharaja Sayajirao University of Baroda; [Copies can be had from: Manager, University Publication, Sales Unit]
_c1965.
300 _a166 p.
_billus.
_c24 cm.
490 1 _aCollege of Indian Music, Dance & Dramatics. Publication series,
_v11
650 0 _aDance
_zIndia.
810 1 _aVadodara (India).
_bCollege of Indian Music, Dance and Dramatics.
_tPublication series ;
_v11.
999 _c87713
_d87713